00498nam a2200145 4500001000700000003000900007007000300016008004100019100003000060245010100090260006900191300002900260700003200289852003100321112824ES-MaACLt|061121s1961 sp r ||||1| spa d1 aMuro Martínez, Ricardo.10aCursillos de divulgación forestal / cpor Ricardo Muro Martínez , Vicente-Angel Sebastián. aBurgos : b[s.n.], c1961 (fImp. Hijos de Santiago Rodríguez) a135 p. : bil ; c24 cm.1 aSebastián, Vicente-Angel. aES-MaACLjB-2181 bR.48011